| 000 | 01465nam a2200361 i 4500 | ||
|---|---|---|---|
| 001 | 71038 | ||
| 003 | Mx-PuUPA | ||
| 005 | 20240607091047.0 | ||
| 008 | 240607s2017 mx |||gr|||| 00| 0 spa d | ||
| 020 | _a9786070298769 | ||
| 040 |
_aMx-PuUPA _bspa _cMx-PuUPA _dMx-PuUPA _erda |
||
| 041 | 1 |
_aspa _heng |
|
| 100 | 1 |
_aEgri, Lajos, _d1888-1967 _915695 _eautor |
|
| 240 | 1 | 4 |
_aThe art of dramatic writing. _lEspañol |
| 245 | 1 | 3 |
_aEl arte de la escritura dramática : _bfundamentos para la interpretación creativa de las motivaciones humanas / _cLajos Egri ; traducción y prólogo, Silvia Peláez |
| 250 | _aSegunda edición | ||
| 264 | 1 |
_aCiudad de México : _bUniversidad Nacional Autónoma de México : Escuela Nacional de Artes Cinematográficas, _c©2017 |
|
| 300 |
_a356 páginas ; _c23 cm |
||
| 336 |
_2rdacontent _atexto _btxt |
||
| 337 |
_2rdamedia _asin medio _bn |
||
| 338 |
_2rdacarrier _avolumen _bnc |
||
| 490 | 0 | _aLetras Fílmicas | |
| 545 | 1 | _aReimpresiones: (Primera, 2023). | |
| 650 | 7 |
_2armarc _aDram _xTécnia |
|
| 650 | 7 |
_2armarc _aAutoría |
|
| 650 | 7 |
_2armarc _aEscritura creativa |
|
| 700 | 1 |
_aPeláez, Silvia, _etraductor _eprologuista |
|
| 765 | 0 |
_aEgri, Lajos, 1888-1967 _dNueva York : Rockefeller Center, 2004 _tThe art of dramatic writing. |
|
| 942 |
_2ddc _cLI _h808.2 _iE32 |
||
| 999 |
_c71038 _d71038 |
||